Normal view
MARC view
Entry Personal Name
001 - CONTROL NUMBER
- control field: 930
003 - CONTROL NUMBER IDENTIFIER
- control field: csc
005 - DATE AND TIME OF LATEST TRANSACTION
- control field: 20140507162054.0
008 - FIXED-LENGTH DATA ELEMENTS
- fixed length control field: 130228|| aca||aabn | a|a d
040 ## - CATALOGING SOURCE
- Original cataloging agency: csc
- Transcribing agency: csc
100 ## - HEADING--PERSONAL NAME
- Personal name: Farley, David,
- Dates associated with a name: 1959-
670 ## - SOURCE DATA FOUND
- Source citation: Work cat.: (csc)157: Humble, Jez. 1281, Continuous delivery /, c2011.